000 01279cam a22003614a 4500
001 9304
003 FISKH
005 20251209153818.0
008 991012s2000 nyua c 000 0 eng
010 _a 99052909
020 _a0688153259
_qtrade
020 _a0688153267
_qlib. bdg.
020 _a9780688153250
_q(trade)
020 _a9780688153267
_q(lib. bdg.)
035 _a11807370
040 _aDLC
_cDLC
_dDLC
_beng
050 0 0 _aQA445.5
_b.H623 2000
082 0 0 _a516/.15
_221
100 1 _aHoban, Tana.
245 1 0 _aCubes, cones, cylinders & spheres /
_cTana Hoban.
246 3 _aCubes, cones, cylinders, and spheres
260 _aNew York :
_bGreenwillow Books,
_c2000.
300 _a24 unnumbered pages :
_bcolor illustrations ;
_c21 x 26 cm.
505 _aNP
520 _aPhotographs of all kinds of familiar objects depict a variety of shapes, including cubes, cones, and spheres.
650 0 _aGeometry
_vPictorial works
_vJuvenile literature.
650 1 _aShape.
655 7 _aIllustrated works.
_2lcgft
_0https://id.loc.gov/authorities/genreForms/gf2014026111
655 7 _aLiterature.
_2lcgft
_0https://id.loc.gov/authorities/genreForms/gf2014026415
906 _a7
_bcbc
_corignew
_d1
_eocip
_f19
_gy-gencatlg
942 _2ddc
_cBK
_n0
999 _c9304
_d9304